Akú úlohu zohráva osobnosť učiteľa vo výučbe angličtiny na univerzitnom stupni štúdia?

Charakteristika osobnosti učiteľa anglického jazyka a rôzne úlohy, ktoré musí plniť v rámci pedagogického procesu. Ak chceme, aby práca učiteľa anglického jazyka bola efektívna, musí neustále sledovať najnovšie trendy v oblasti metodiky vyučovania cudzích jazykov a v lingvistike, ktoré na základe vl...

Descripción completa

Guardado en:
Detalles Bibliográficos
Autor principal: Pašková, Hana
Otros Autores: Zsapková, Eleonóra
Formato: Capítulo de libro
Lenguaje:eslovaco
Materias:
Etiquetas: Agregar Etiqueta
Sin Etiquetas, Sea el primero en etiquetar este registro!

MARC

LEADER 00000nla$a2200000$$$4500
001 0113638
005 20240502072249.7
041 0 |a slo 
044 |a SK 
245 1 0 |a Akú úlohu zohráva osobnosť učiteľa vo výučbe angličtiny na univerzitnom stupni štúdia?  |c Hana Pašková, Eleonóra Zsapková 
520 |a Charakteristika osobnosti učiteľa anglického jazyka a rôzne úlohy, ktoré musí plniť v rámci pedagogického procesu. Ak chceme, aby práca učiteľa anglického jazyka bola efektívna, musí neustále sledovať najnovšie trendy v oblasti metodiky vyučovania cudzích jazykov a v lingvistike, ktoré na základe vlastných pedagogických skúseností aplikuje v praxi. 
610 2 0 |a pedagogika 
610 2 0 |a učitelia 
610 2 0 |a vzdelávanie vysokoškolské 
610 2 0 |a jazyky cudzie 
610 2 0 |a angličtina 
100 1 |a Pašková, Hana 
700 1 |a Zsapková, Eleonóra